| 000 | 00975nam a2200265 i 4500 | ||
|---|---|---|---|
| 001 | 190084 | ||
| 003 | ES-MaACL | ||
| 005 | 20240105181040.0 | ||
| 008 | 200312s2017 sp |||| | spa d | ||
| 020 | _a978-84-88909-56-5 | ||
| 080 | _a364-786-056.34 | ||
| 245 | 0 | 0 |
_aRecuperación _b: recovery, nuevos paradigmas de salud mental / _cAntonio Maone y Barbara D'Avanzo, compiladores ; [traducción, Mª Carmen Ferrer Dufol]. |
| 250 | _a1ª ed. castellana. | ||
| 260 |
_aMadrid : _bPsimática, _c2017. |
||
| 300 |
_a369 p. ; _c21 cm. |
||
| 490 | 1 | _aRehabilitación psicosocial | |
| 504 | _aBibliografía: p. [317]-369. | ||
| 650 |
_aEnfermos mentales- _xRehabilitación. _9169996 |
||
| 700 | 1 |
_aMaone, Antonio. _9169997 |
|
| 700 | 1 |
_aD'Avanzo, Barbara. _9169998 |
|
| 830 | 0 |
_aRehabilitación psicosocial _9225877 |
|
| 852 |
_aES-MaACL _jA-14580 _9197235 _bR.151885 _cDEPO1 _dOlim: N-7580 _hDonación: Editorial |
||
| 942 |
_2udc _cMONOGRAFIA |
||
| 999 |
_c190084 _d190084 |
||